00706nam a2200241 a 4500001001300000003000900013005001700022008004100039020002300080082001500103100001700118245002900135260005000164300000900214500003500223505001000258650001300268700001700281902000800298942000700306952013400313999001700447nice12345678IN_TiNIC20260116014941.0050524s1996 cama grp 000 0 eng  a0521780 c45000a294.5bFLO aFlood, Gavin aIntroduction to Hinduism aCambridge bCambridge University Press c1996 a341p aincludes index and biblioraphy2 aIndex aHinduism1 aFlood, Gavin bSRS cBK 001040708StackRoom-aHMIbHMId2011-07-21g450.00l25m5o294.5 FLOp11000235r2022-10-03s2022-09-28v450.00w2005-05-24yBK c17686d17686